| 000 | 00485nam a22001811a 4500 | ||
|---|---|---|---|
| 001 | 10576 | ||
| 003 | OSt | ||
| 005 | 20260204212204.0 | ||
| 008 | 091202s1998||||-us||||||b||||||||||spa|| | ||
| 020 | _a0881135089 | ||
| 050 | _a155.2 M451s | ||
| 100 | _aMaxwell, Jhon C. | ||
| 245 | _aSeamos personas de influencia / Jhon C. Maxwell y Jim Dornan | ||
| 264 | _aEstados Unidos de América : Caribe | ||
| 650 | _aPersonalidad - Psicología | ||
| 710 | _aDornan, JimÌ | ||
| 942 |
_2ddc _cBK |
||
| 999 |
_c10576 _d10576 |
||